00365nam a2200145 a 4500008004100000020001500041050001500056100002200071245002900093246003800122260002500160300001000185350000900195650001500204120416s1962 ||||||||||||||||| || u a0674361539 aBD 494 Lov aLovejoy, Arthur O14aThe great chain of being aa study of the history of an idea aCambridgebCUPc1962 a373p. a0.00 aPHILOSOPHY